000 00790nam a22002537a 4500
001 BR9703893
003 BR-BrBNA
005 20230928095700.0
007 ta
008 230509b bl.||||| |||| 00| 0 por d
040 _aBR-BrBNA
_bpor
_cBiblioteca Nacional de Agricultura
041 _a(Por)
072 _aE12
090 _ E12 BR9703893
110 1 _aMinisterio da Agricultura e do Abastecimento, Brasilia, DF (Brasil). Secretaria Executiva
_96737
245 1 _aMaos a obra Brasil; principais realizacoes do Ministerio da Agricultura e do Abastecimento
260 3 _aBrasilia, DF (Brasil):
_c[nd].
300 _a21 p.
650 _aMao-de-Obra
650 _aMercado de Trabalho
650 _aPolitica de Desenvolvimento
909 _a202309
_bLucia
_c55
_dLucia Elande
942 _cBK
999 _c58065
_d58065